| 000 | 00487nam a2200193 i 4500 | ||
|---|---|---|---|
| 001 | bg | ||
| 100 | 1 | _aFRÈMY, Dominique | |
| 245 | 1 | 0 |
_aGUID 1999 / _cDominique et Michèle Frèmy. |
| 260 |
_aParis : _bRobert Laffont, _ccop. 1999. |
||
| 300 |
_a2014 s. : _bil. ; _c28 cm. |
||
| 650 | 9 | _aEncyklopedia | |
| 700 | 1 | _aFRÈMY, Michèle | |
| 700 | 1 | _aFRÈMY, Michèle | |
| 040 | _cBPK | ||
| 041 | 0 | _afr | |
| 080 | _a0/9(03) | ||
| 942 | _cKS | ||
| 008 | s pl f |000 0 pol | ||
| 999 |
_c36280 _d36280 |
||
| 856 |
_uhttp://koha.tu.koszalin.pl/cgi-bin/koha/opac-detail.pl?biblionumber=36280 _yKatalog online BPK |
||